| 000 | 01423nmm a2200325 a 4500 | ||
|---|---|---|---|
| 001 | ocm0002016144 | ||
| 003 | TR-IsHL | ||
| 005 | 20201028175709.0 | ||
| 008 | 181107s2009 tu tur | ||
| 007 | cr cn | ||
| 020 | _a9789756335598 | ||
| 035 |
_a2016144 _b(N$T) |
||
| 050 | 0 | 4 |
_aDR479..I75 _bB4619 2009 |
| 090 | 0 | 4 |
_aDR479..I75 _bB4619 2009 |
| 100 | 1 | _aBengio, Ofra | |
| 245 | 1 | 0 |
_aİlk kez! İsrail arşivleri ve dönemin tanıkları ile ... Türkiye-İsrail hayalet ittifaktan stratejik İşbirliğine _h[electronic resource] / _cOfra Bengio ; çeviri Filiz Kaynak Dişkaya ; yayın yönetmeni Şennur Yassıkaya |
| 260 |
_aİstanbul : _bErguvan Yayınları, _c2009 |
||
| 300 | _a312 p. | ||
| 500 | _aOrijinal İsmi The Turkish-Jsraeli Relationship (Changing ties of Middle Eastern Outsiders), 2004 Palgrave Macmillan | ||
| 650 | 4 | _aPolitika ve Uluslararası İlişkiler | |
| 650 | 4 | _aPolitics and International Relations | |
| 650 | 0 |
_aTürkiye _x Dış ilişkiler _xİsrail |
|
| 650 | 0 |
_aTurkey _x Foreign relations _x Israel |
|
| 650 | 0 |
_aİsrail _x Dış ilişkiler _x Türkiye |
|
| 650 | 0 |
_aIsrael _x Foreign relations _x Turkey |
|
| 650 | 7 |
_aPOLITICAL SCIENCE / International Relations / Diplomacy _2bisacsh |
|
| 700 | 1 | _aKaynak Dişkaya, Filiz | |
| 700 | 1 | _aYassıkaya, Şennur | |
| 856 | 4 | 0 | _uhttp://search.ebscohost.com/login.aspx?direct=true&scope=site&db=e011xww&AN=2016144 |
| 999 |
_c18793 _d18793 |
||